000 01341cam a22001934a 4500
005 20250605164209.0
008 250528s ||||||||||||||||||||||||d
035 _a20192
020 _a873483154
040 _aGR-AtMCL
_bgre
_dGR-AtMCL
_eAACR2
245 1 _aAn Introduction to Marxist Economic Theory
260 _bPathfinder Press,
_c1976
300 _a78
520 _aIntroduction, The Theory of Value and Surplus-Value, Social Surplus Product, Commodities and Use-Value and Exchange-Value, The Marxist Theory of Alienation, The Law of Value, Determination of the Exchange-Value of Commodities, The Orin and Nature of Surplus-Value, The Validity of the Labor Theory of Value, Capital and Capitalism, Capital in Precapitalist Society, Origins of the Capitalist Mode of Production, Origins and Definition of the Modern Proletariat, The Fundamental Mechanism of Capitalist Economy, The Growth in the Organic Composition of Capital, Competition Leads to Concentration and Monopoly, Tendency of the Average Rate of Profit to Decline, Neo-Capitalism, The Origins of Neo-Capitalism, A Permanent Technological Revolution, The Importance of Armament Expenditures, The Tendency to Permanent Inflation, Economic Planning, The State Guaranty of Profit.
700 1 _aMandel Ernest
_94999
942 _cBK
999 _c5327
_d5327